00537cam a22001337a 4500008004000000082001600040100002000056245013500076260005000211300001600261650002100277999001900298952008600317180718b1954 xxu||||| |||| 00| 0 eng d aD89x54 R158 aRandhawa, M. S. aOut of the ashes: an account of the rehabilitation of refugees from West Pakistan in rural areas of East Punjabcby M. S. Randhawa aBombaybThe Public Relations Departmentc1954 axviii, 229p aRefugees --India c425761d425761 00104070aIIPAbIIPAd2009-10-14oD89x54 R158p8554r2018-07-21w2018-07-21yBK